Puedo tocar / (Record no. 16127)
[ view plain ]
| 000 -LEADER | |
|---|---|
| fixed length control field | 01455cam a2200445Li 4500 |
| 001 - CONTROL NUMBER | |
| control field | 1487952 |
| 003 - CONTROL NUMBER IDENTIFIER | |
| control field | DPL |
| 005 - DATE AND TIME OF LATEST TRANSACTION | |
| control field | 20161013160533.0 |
| 008 - FIXED-LENGTH DATA ELEMENTS--GENERAL INFORMATION | |
| fixed length control field | 160129s2016 mnua j 001 0 spa d |
| 010 ## - LIBRARY OF CONGRESS CONTROL NUMBER | |
| LC control number | 2015954502 |
| 020 ## - INTERNATIONAL STANDARD BOOK NUMBER | |
| International Standard Book Number | 9781680804355 |
| Qualifying information | (library binding) |
| 020 ## - INTERNATIONAL STANDARD BOOK NUMBER | |
| International Standard Book Number | 1680804359 |
| Qualifying information | (library binding) |
| 035 ## - SYSTEM CONTROL NUMBER | |
| System control number | (OCoLC)936820955 |
| 035 ## - SYSTEM CONTROL NUMBER | |
| System control number | 1468443 |
| 035 ## - SYSTEM CONTROL NUMBER | |
| System control number | (OCoLC)ocn936820955 |
| 035 ## - SYSTEM CONTROL NUMBER | |
| System control number | (Pol)1468443 |
| 037 ## - SOURCE OF ACQUISITION | |
| Stock number | 1400748 |
| Source of stock number/acquisition | QBI |
| 040 ## - CATALOGING SOURCE | |
| Original cataloging agency | QBX |
| Language of cataloging | eng |
| Description conventions | rda |
| Transcribing agency | QBX |
| Modifying agency | OCLCO |
| -- | OCLCF |
| -- | OCLCO |
| -- | DPL |
| 041 1# - LANGUAGE CODE | |
| Language code of text/sound track or separate title | spa |
| Language code of original | eng |
| 100 1# - MAIN ENTRY--PERSONAL NAME | |
| Personal name | Murray, Julie, |
| Dates associated with a name | 1969- |
| Relator term | author. |
| 240 10 - UNIFORM TITLE | |
| Uniform title | <a href="I can touch.">I can touch.</a> |
| Language of a work | Spanish. |
| 245 10 - TITLE STATEMENT | |
| Title | Puedo tocar / |
| Statement of responsibility, etc. | Julie Murray ; Spanish translator: Maria Puchol. |
| 260 ## - PUBLICATION, DISTRIBUTION, ETC. (IMPRINT) | |
| Place of publication, distribution, etc. | Minneapolis, Minnesota : |
| Name of publisher, distributor, etc. | Abdo Kids, |
| Date of publication, distribution, etc. | 2016. |
| 264 #1 - PRODUCTION, PUBLICATION, DISTRIBUTION, MANUFACTURE, AND COPYRIGHT NOTICE | |
| Place of production, publication, distribution, manufacture | Minneapolis, Minnesota : |
| Name of producer, publisher, distributor, manufacturer | Abdo Kids, |
| Date of production, publication, distribution, manufacture, or copyright notice | [2016] |
| 300 ## - PHYSICAL DESCRIPTION | |
| Extent | 24 pages : |
| Other physical details | color illustrations ; |
| Dimensions | 23 x 25 cm. |
| 336 ## - CONTENT TYPE | |
| Content type term | text |
| Content type code | txt |
| Source | rdacontent. |
| 336 ## - CONTENT TYPE | |
| Content type term | still image |
| Content type code | sti |
| Source | rdacontent. |
| 337 ## - MEDIA TYPE | |
| Media type term | unmediated |
| Media type code | n |
| Source | rdamedia. |
| 338 ## - CARRIER TYPE | |
| Carrier type term | volume |
| Carrier type code | nc |
| Source | rdacarrier. |
| 490 1# - SERIES STATEMENT | |
| Series statement | Los sentidos. |
| 500 ## - GENERAL NOTE | |
| General note | Includes index. |
| 546 ## - LANGUAGE NOTE | |
| Language note | In Spanish. |
| 650 #0 - SUBJECT ADDED ENTRY--TOPICAL TERM | |
| Topical term or geographic name as entry element | Touch |
| Form subdivision | Juvenile literature. |
| 650 #1 - SUBJECT ADDED ENTRY--TOPICAL TERM | |
| Topical term or geographic name as entry element | Touch. |
| 650 #1 - SUBJECT ADDED ENTRY--TOPICAL TERM | |
| Topical term or geographic name as entry element | Spanish language materials. |
| 700 1# - ADDED ENTRY--PERSONAL NAME | |
| Personal name | Puchol, Maria, |
| Relator term | translator. |
| 700 1# - ADDED ENTRY--PERSONAL NAME | |
| Relationship information | Translation of: |
| Personal name | Murray, Julie, |
| Dates associated with a name | 1969- |
| Title of a work | I can touch. |
| Language of a work | English. |
| 800 1# - SERIES ADDED ENTRY--PERSONAL NAME | |
| Personal name | Murray, Julie, |
| Dates associated with a name | 1969- |
| Title of a work | Senses. |
| Language of a work | Spanish. |
| 942 ## - ADDED ENTRY ELEMENTS (KOHA) | |
| Koha item type | Libro/Book |
| Source of classification or shelving scheme | Dewey Decimal Classification |
No items available.